Communicative competence approaches to language proficiency assessment : research and application

Saved in:
Bibliographic Details
Main Author: Rivera, Charlene
Format: Book
Language:English
Published: Clevedon : Multilingual Matters, 1984
Series:Multilingual matters (Series) ; 9
Subjects:
Tags: Add Tag
No Tags, Be the first to tag this record!

MARC

LEADER 00000nam a2200000 i 4500
001 1/83974
008 990610s1984 eng d
020 |a 0-905028-21-X 
035 |l 10051490 
040 |a GR-MY-UA  |b gre  |e aacr 
041 0 |a eng 
082 0 |a 401.9 
100 1 |a Rivera, Charlene. 
245 1 0 |a Communicative competence approaches to language proficiency assessment :  |b research and application /  |c edited by Charlene Rivera 
260 |a Clevedon :   |b Multilingual Matters,   |c 1984 
300 |a 150 p. 
490 1 |a Multilingual matters (Series)  |v ; 9 
650 0 0 |a Language and languages  |x Ability testing. 
830 0 |a Multilingual matters (Series)  |v ; 9 
852 |a INST  |b RHODES  |e 19990610  |h 401.9 RIV  |p 005400015035  |q 005400015035  |t BK  |y 0 
901 |a BIBL4-1999-2 
909 |a Ρ  |b 065710  |c 1999 
922 |a 4ΕΛΗ  |b 199905  |d LEADER